000 00673cmd a2200193 a 4500
999 _c5986
_d5986
005 20181203123216.0
008 130718b2007 ck ||||| |||| 00| 0 spa d
040 _aCO-BoIAVH
_cCO-BoIAVH
041 _aspa
044 _ack
090 _aIAVH
_b00765
245 _aInformes de investigaciones IAVH en PDF
260 _aBogotá
_bInformatica documental
_c2007
300 _a2 CD ROM
505 _aCD-1: Contiene los documentos correspondientes a IAVH desde IAVH-00601 hasta IAVH-00680
505 _aCD-2: Contiene los documentos correspondientes a IAVH desde IAVH-00682 hasta IAVH-00699 y desde IAVH-0750 hasta IAVH-0756
942 _cCD-ROM
_2z
945 _d2007-11-05